000
00291nam a22001217a 4500
020
_a
0-8273-3874-0
082
_a
621.381 CRO'E
100
_a
CROZIER, PATRICK
_9
62407
245
_a
ELECTRONIC INSTRUMENTS AND MEASUREMENTS
260
_a
NEWYORK
_b
DELMAR
_c
1985
300
_a
383P
942
_c
BK
999
_c
571522
_d
571522